000 00740nab a2200229 u 4500
001 10747
003 HDC
007 cr bn ---aaaaa
008 210205c20120310my dr|nes 0 a eng d
040 _aHDC
245 0 _aPEMUDAH submits annual report
260 _a[No place] :
_b[publisher not identified],
_c[no year]
336 _atext
_2rdacontent
337 _acomputer
_2rdamedia
338 _aonline resource
_2rdacarrier
650 _aAnnual report
_910992
650 _aPublic service
_910993
856 _zRequest full-text at [email protected]
942 _2lcc
942 _cNEWS
942 _kNWSC 003928
999 _c8070
_d8070